The potential impact of U.S. protectionism on Sino-US trade disputes in the era of GVCs

Bibliográfiai részletek
Szerző: Wang Jingzeng
További közreműködők: Tölgyessyné Dr Sass Magdolna
Dokumentumtípus: Diplomadolgozat
Kulcsszavak:Amerikai Egyesült Államok
Kína
Kereskedelmi viták
Online Access:http://dolgozattar.uni-bge.hu/20635

MARC

LEADER 00000nta a2200000 i 4500
001 dolg20635
005 20200605193026.0
008 190506suuuu hu om 000 eng d
040 |a BGE Dolgozattár Repozitórium  |b hun 
041 |a en 
100 1 |a Wang Jingzeng 
245 1 4 |a The potential impact of U.S. protectionism on Sino-US trade disputes in the era of GVCs  |c Wang Jingzeng  |h [elektronikus dokumentum] 
246 1 1 |a The potential impact of U.S. protectionism on Sino-US trade disputes in the era of GVCs 
695 |a Amerikai Egyesült Államok 
695 |a Kína 
695 |a Kereskedelmi viták 
700 1 |a Tölgyessyné Dr Sass Magdolna  |e ths 
856 4 0 |u http://dolgozattar.uni-bge.hu/20635/1/THE%20POTENTIAL%20IMPACT%20OF%20U.S.%20PROTECTIONISM%20ON%20SINO-US%20TRADE%20DISPUTES%20IN%20THE%20ERA%20OF%20GVCS.pdf  |z Dokumentum-elérés